[Event "World Blitz 2023"]
[Site "Samarkand UZB"]
[Date "2023.12.30"]
[Round "20.18"]
[White "Giri, Anish"]
[Black "Narayanan, S L"]
[Result "1/2-1/2"]
[WhiteElo "2731"]
[BlackElo "2564"]
[EventDate "2023.12.29"]

1. d4 Nf6 2. c4 e6 3. Nf3 h6 4. Nc3 Bb4 5. e3 c5 6. Bd3 cxd4 7. exd4 O-O 8.
O-O d5 9. cxd5 exd5 10. h3 Nc6 11. Bf4 Bd6 12. Bxd6 Qxd6 13. Re1 Bd7 14. a3
Rfe8 15. Qd2 Rac8 16. b4 a6 17. Rxe8+ Rxe8 18. Re1 Rxe1+ 19. Qxe1 Qc7 20.
Qe3 Be6 21. Ne2 Ne7 22. Qe5 Qd7 23. Ng3 Nc6 24. Qf4 Qe7 25. Ne5 Nxe5 26.
dxe5 Nd7 27. Qe3 f6 28. exf6 Qxf6 29. Ne2 Qa1+ 30. Kh2 Qe5+ 31. Qxe5 Nxe5
32. Bc2 Kf7 33. Kg3 Nc4 34. a4 Ke7 35. Nd4 Bd7 36. f4 a5 37. bxa5 Nxa5 38.
Kf3 Nc4 39. g4 Nb6 40. Ke3 Bxa4 41. Nf5+ Kf6 42. Bxa4 Nxa4 43. Kd4 h5 44.
Ne3 hxg4 45. hxg4 b5 46. Nxd5+ Kf7 47. Nb4 Nb6 48. Kc5 Nc4 49. Kxb5 Ne3 50.
Kc5 Nxg4 51. Kd4 g5 52. fxg5 Kg6 53. Nd3 Kxg5 54. Ne5 Nxe5 1/2-1/2

[Event "World Blitz 2023"]
[Site "Samarkand UZB"]
[Date "2023.12.30"]
[Round "20.19"]
[White "Van Foreest, Jorden"]
[Black "Pantsulaia, Levan"]
[Result "0-1"]
[WhiteElo "2664"]
[BlackElo "2579"]
[EventDate "2023.12.29"]

1. e4 c6 2. d4 d5 3. e5 Bf5 4. Ne2 e6 5. Ng3 Bg6 6. h4 h6 7. h5 Bh7 8. Bd3
Bxd3 9. cxd3 Qb6 10. Ne2 c5 11. dxc5 Bxc5 12. d4 Bb4+ 13. Kf1 Qa6 14. g3
Ne7 15. Kg2 Nd7 16. Bd2 Nc6 17. Bxb4 Nxb4 18. Qd2 Nc6 19. Nbc3 O-O 20. Rh4
Rac8 21. Rg4 Kh8 22. Rh1 b5 23. Rhh4 b4 24. Nd1 Qxa2 25. Ne3 Rg8 26. Nf4
Nf8 27. Nexd5 exd5 28. Ng6+ fxg6 29. hxg6 Nh7 30. gxh7 Rgf8 31. Rxg7 Kxg7
32. Qxh6+ Kh8 33. Rg4 Rxf2+ 34. Kh3 Rf7 35. Rg8+ Rxg8 36. hxg8=R+ Kxg8 37.
Qxc6 Qb1 38. e6 0-1

[Event "World Blitz 2023"]
[Site "Samarkand UZB"]
[Date "2023.12.30"]
[Round "20.20"]
[White "Tabatabaei, M. Amin"]
[Black "Vidit, Santosh Gujrathi"]
[Result "1-0"]
[WhiteElo "2573"]
[BlackElo "2642"]
[EventDate "2023.12.29"]

1. e4 c5 2. Nf3 d6 3. d4 cxd4 4. Nxd4 Nf6 5. Nc3 a6 6. f4 e5 7. Nf3 Nbd7 8.
a4 Be7 9. Bc4 Qc7 10. Qe2 exf4 11. Bxf4 Ne5 12. Bb3 O-O 13. O-O Be6 14. Nd5
Bxd5 15. exd5 Nxf3+ 16. Qxf3 Nd7 17. Kh1 Bf6 18. c3 Rae8 19. Bc2 g6 20.
Rae1 Ne5 21. Qg3 Bg7 22. Re2 Qc4 23. Rfe1 Qxd5 24. Rd1 Qc6 25. h3 Nc4 26.
Rxe8 Rxe8 27. Bb3 d5 28. Qf2 b5 29. axb5 Qxb5 30. Ba2 a5 31. b3 Ne5 32. b4
Nc4 33. Qf3 Re4 34. Qxe4 dxe4 35. Rd8+ Bf8 36. Bh6 1-0

[Event "World Blitz 2023"]
[Site "Samarkand UZB"]
[Date "2023.12.30"]
[Round "20.21"]
[White "Sanal, Vahap"]
[Black "Hovhannisyan, Robert"]
[Result "0-1"]
[WhiteElo "2637"]
[BlackElo "2570"]
[EventDate "2023.12.29"]

1. e4 e5 2. Nf3 Nc6 3. Bb5 Nf6 4. d3 Bc5 5. Nc3 d6 6. Na4 Bb6 7. c3 h6 8.
h3 Bd7 9. Nxb6 axb6 10. Ba4 Ne7 11. Bc2 Ng6 12. d4 O-O 13. dxe5 Nxe5 14.
Nxe5 dxe5 15. Be3 Be6 16. Qxd8 Rfxd8 17. a4 b5 18. f3 bxa4 19. Rxa4 Rxa4
20. Bxa4 Ra8 21. Bd1 Ra2 22. Bc1 Nd7 23. Bc2 Nc5 24. O-O Bb3 25. Bxb3 Nxb3
26. Be3 Rxb2 27. Rd1 Re2 28. Rd8+ Kh7 29. Ba7 Ra2 30. Be3 Rc2 31. Rd3 f6
32. h4 h5 33. g4 hxg4 34. fxg4 b5 35. h5 c5 36. Rd7 Rxc3 37. Kf2 Rc2+ 38.
Ke1 Nd4 39. Kd1 Rc3 40. Kd2 Rc2+ 41. Kd1 Rg2 42. g5 fxg5 43. h6 Kxh6 44.
Rd5 Rg3 45. Kd2 c4 46. Rxe5 Nf3+ 0-1

[Event "World Blitz 2023"]
[Site "Samarkand UZB"]
[Date "2023.12.30"]
[Round "20.22"]
[White "Rakhmanov, Aleksandr"]
[Black "Mamedov, Rauf"]
[Result "1-0"]
[WhiteElo "2521"]
[BlackElo "2635"]
[EventDate "2023.12.29"]

1. d4 Nf6 2. Nf3 g6 3. g3 Bg7 4. Bg2 O-O 5. O-O d6 6. Re1 Nbd7 7. e4 e5 8.
Nc3 exd4 9. Nxd4 a6 10. h3 Re8 11. Bf4 Ne5 12. b3 Nh5 13. Be3 c5 14. Nde2
Nf6 15. f4 Nc6 16. Qd2 Be6 17. Rad1 Qa5 18. Qxd6 Nd4 19. Nxd4 Rad8 20. Nc6
bxc6 21. Qxc5 Qc7 22. e5 Nd7 23. Qa7 Qa5 24. Ne4 Qxa2 25. Nd6 Rf8 26. Rd2
Qa5 27. Red1 Qb4 28. Qxa6 h5 29. Qxc6 h4 30. gxh4 Bh6 31. Qe4 Qc3 32. Bf2
Rb8 33. Rd4 Nc5 34. Qe2 Qb2 35. Bf1 Bg7 36. h5 Nd7 37. Ne4 Rbc8 38. R4d2
Kh7 39. Ng5+ Kg8 40. Nxe6 fxe6 41. Rxd7 Rxc2 42. R7d2 Rxd2 43. Qxd2 Qxb3
44. hxg6 Bh6 45. Be3 Kh8 46. Bg2 Rg8 47. Qd3 Qb2 48. Kh2 Bxf4+ 49. Bxf4
Rxg6 50. Qxg6 Qxg2+ 51. Qxg2 1-0

[Event "World Blitz 2023"]
[Site "Samarkand UZB"]
[Date "2023.12.30"]
[Round "20.24"]
[White "Uskov, Artem"]
[Black "Tsydypov, Zhamsaran"]
[Result "0-1"]
[WhiteElo "2328"]
[BlackElo "2626"]
[EventDate "2023.12.29"]

1. Nf3 g6 2. g3 Bg7 3. Bg2 d6 4. d4 Nf6 5. c4 O-O 6. Nc3 Nbd7 7. O-O e5 8.
e4 exd4 9. Nxd4 a6 10. h3 Rb8 11. b3 c5 12. Nde2 b5 13. Bg5 Qb6 14. Rb1 Re8
15. Qc2 b4 16. Nd5 Nxd5 17. exd5 Ne5 18. g4 f5 19. f3 Qc7 20. Rbe1 Bd7 21.
Ng3 Nf7 22. Bc1 Be5 23. Ne2 a5 24. Bb2 a4 25. Bxe5 dxe5 26. gxf5 gxf5 27.
Kh1 Rb6 28. Ng3 Rg6 29. Nxf5 Qc8 30. Ne3 Bxh3 31. Rg1 Bxg2+ 32. Rxg2 Qh3+
33. Kg1 Ng5 34. Rf1 Nxf3+ 35. Rxf3 Qxf3 36. Rxg6+ Kh8 37. Rg2 Qxe3+ 38. Kh1
Rf8 39. Qe2 Qc1+ 40. Kh2 Qf4+ 41. Kg1 Rf6 42. Rh2 Qc1+ 43. Kg2 Rg6+ 44. Kf2
Qf4+ 0-1

[Event "World Blitz 2023"]
[Site "Samarkand UZB"]
[Date "2023.12.30"]
[Round "20.1"]
[White "Riazantsev, Alexander"]
[Black "Guseinov, Gadir"]
[Result "0-1"]
[WhiteElo "2621"]
[BlackElo "2563"]
[EventDate "2023.12.29"]

1. d4 Nf6 2. c4 g6 3. Nc3 Bg7 4. e4 d6 5. Be2 O-O 6. Nf3 c5 7. d5 e6 8. Be3
Re8 9. Nd2 Na6 10. O-O Nc7 11. a4 Na6 12. Bg5 e5 13. Na2 h6 14. Be3 Bd7 15.
Nc3 Nh7 16. Nb5 Qe7 17. Bd3 Rf8 18. Ra3 f5 19. exf5 gxf5 20. f3 Nb4 21. Bb1
a6 22. Nc7 Rac8 23. Ne6 Bxe6 24. dxe6 Qxe6 25. Qe2 Kh8 26. Rd1 e4 27. fxe4
f4 28. Bf2 Bxb2 29. Rh3 Rg8 30. Nf3 Be5 31. Nh4 Qxh3 32. Kh1 Qg4 33. Qf1
Rcf8 34. Nf5 Qh5 35. Nxd6 Nf6 36. Bxc5 Ng4 37. h3 f3 38. Nf5 Nh2 39. g4
Nxf1 40. gxh5 Rxf5 41. Rxf1 Rxh5 42. Rxf3 Nc6 43. Be3 Nd4 0-1

[Event "World Blitz 2023"]
[Site "Samarkand UZB"]
[Date "2023.12.30"]
[Round "20.2"]
[White "Nesterov, Arseniy"]
[Black "Esipenko, Andrey"]
[Result "1-0"]
[WhiteElo "2488"]
[BlackElo "2615"]
[EventDate "2023.12.29"]

1. d4 d5 2. c4 e6 3. Nc3 Be7 4. Nf3 Nf6 5. Bg5 h6 6. Bxf6 Bxf6 7. e3 c6 8.
Qc2 Nd7 9. a3 g6 10. Bd3 Bg7 11. O-O O-O 12. b4 dxc4 13. Bxc4 e5 14. Qxg6
exd4 15. exd4 Nb6 16. Bb3 Nd5 17. Qd3 Be6 18. Nxd5 Bxd5 19. Bxd5 Qxd5 20.
Rac1 Rad8 21. Rfd1 Rfe8 22. g3 Re6 23. Rc5 Qa2 24. Rc2 Qd5 25. Re2 Rf6 26.
Kg2 Rfd6 27. Re4 b6 28. Rde1 c5 29. bxc5 bxc5 30. Re8+ Rxe8 31. Rxe8+ Bf8
32. Qe3 Re6 33. Rxe6 Qxe6 34. Qxe6 fxe6 35. dxc5 Bxc5 36. a4 Kf8 37. Ne5
Ke7 38. f4 h5 39. Kf3 Kd6 40. Ke4 Bg1 41. h4 Kc5 42. g4 hxg4 43. Nxg4 Kb4
44. h5 Bc5 45. h6 Bf8 46. Ke5 Kxa4 47. Kxe6 Kb3 48. h7 Bg7 49. f5 a5 50. f6
Bh8 51. f7 1-0

[Event "World Blitz 2023"]
[Site "Samarkand UZB"]
[Date "2023.12.30"]
[Round "20.3"]
[White "Ponomariov, Ruslan"]
[Black "Petrosyan, Manuel"]
[Result "0-1"]
[WhiteElo "2613"]
[BlackElo "2556"]
[EventDate "2023.12.29"]

1. d4 Nf6 2. c4 e6 3. Nc3 Bb4 4. e3 O-O 5. Bd3 c5 6. Ne2 d5 7. cxd5 cxd4 8.
exd4 Nxd5 9. O-O Nc6 10. Re1 Ba5 11. Be4 Nce7 12. Qd3 Nf6 13. Bf3 Ng6 14.
Rd1 Bd7 15. Bxb7 Rb8 16. Bf3 Nh4 17. Bg5 Nxf3+ 18. Qxf3 h6 19. Bxf6 Qxf6
20. Qxf6 gxf6 21. b3 Rfc8 22. Rac1 f5 23. f3 Kg7 24. Kf2 Bb4 25. Nb1 Bd6
26. g3 a5 27. Rxc8 Rxc8 28. Rc1 Rb8 29. Nd2 a4 30. bxa4 Bxa4 31. Nc4 Be7
32. Ke3 Rb7 33. Nc3 Be8 34. Rc2 Rc7 35. Ne5 Ba4 36. Rc1 Ba3 37. Nxa4 Rxc1
38. Nb6 Rc2 39. h4 Rxa2 40. Nbc4 Be7 41. Nd3 Rg2 42. Kf4 Bd8 43. d5 exd5
44. Ne3 Bc7+ 45. Kxf5 Rxg3 46. Nxd5 Bb8 47. Ke4 Rh3 48. f4 Rxh4 49. Nc5 Rh1
50. Nd3 Bd6 51. Ne3 Bb8 52. Nf5+ Kg6 53. Ne7+ Kg7 54. Kf5 Rd1 55. Nf2 Rf1
56. Nh3 h5 57. Kg5 Rf3 58. Nf5+ Kf8 59. Ng1 Rxf4 60. Ne2 Rf2 61. Ned4 Ba7
62. Nc6 Bc5 63. Ne5 Be7+ 64. Nxe7 Kxe7 65. Nd3 Rh2 66. Nf4 h4 67. Kg4 Rh1
68. Nd5+ Kd6 69. Ne3 Ke5 70. Nc4+ Ke6 71. Ne3 h3 72. Kg3 h2 73. Ng2 Rg1 74.
Kxh2 Rxg2+ 75. Kxg2 Kf5 76. Kf3 f6 0-1

[Event "World Blitz 2023"]
[Site "Samarkand UZB"]
[Date "2023.12.30"]
[Round "20.4"]
[White "Kuzubov, Yuriy"]
[Black "Sindarov, Javokhir"]
[Result "1-0"]
[WhiteElo "2487"]
[BlackElo "2607"]
[EventDate "2023.12.29"]

1. d4 Nf6 2. Nf3 g6 3. Nbd2 Bg7 4. e4 d6 5. Be2 O-O 6. O-O c6 7. Re1 Qc7 8.
c3 e5 9. Bf1 Nbd7 10. h3 b6 11. a4 Bb7 12. dxe5 dxe5 13. Nc4 Rad8 14. Qd6
Qc8 15. Qa3 Nc5 16. a5 Qc7 17. Ncxe5 Ncxe4 18. Bf4 Qc8 19. axb6 axb6 20.
Nc4 Qf5 21. Bh2 Ra8 22. Qe7 Rxa1 23. Rxa1 Bc8 24. Nxb6 Be6 25. Nc4 Re8 26.
Qa3 Bf8 27. b4 Nd5 28. Rc1 Bh6 29. Rc2 Qf6 30. Be5 Qd8 31. Qa5 Qe7 32. Qa1
Bf5 33. Re2 f6 34. Bd4 Nf4 35. Re1 Qd7 36. Ncd2 Nxd2 37. Rxe8+ Qxe8 38.
Nxd2 Ne2+ 39. Bxe2 Qxe2 40. Nf1 Bf4 41. Qa8+ Kg7 42. Qb7+ Kh6 43. Bxf6 g5
44. Qg7+ Kh5 45. g4+ 1-0

[Event "World Blitz 2023"]
[Site "Samarkand UZB"]
[Date "2023.12.30"]
[Round "20.5"]
[White "Vokhidov, Shamsiddin"]
[Black "Suleymanli, Aydin"]
[Result "1-0"]
[WhiteElo "2588"]
[BlackElo "2553"]
[EventDate "2023.12.29"]

1. e4 e5 2. Nf3 Nc6 3. Bb5 a6 4. Ba4 Nf6 5. O-O Be7 6. Re1 b5 7. Bb3 O-O 8.
h3 Bb7 9. d3 d5 10. exd5 Nxd5 11. Nc3 Nxc3 12. bxc3 Bf6 13. Nd2 Na5 14. Ba3
Re8 15. Ne4 g6 16. Qf3 Kg7 17. Qe3 Be7 18. Nc5 Bxc5 19. Bxc5 h6 20. f3 Qd7
21. Re2 Nxb3 22. axb3 Re6 23. Qf2 Rae8 24. Qg3 Qc6 25. Qf2 Qd7 26. Be3 g5
27. Bc5 f5 28. Rae1 f4 29. c4 bxc4 30. bxc4 Kf7 31. Ra1 h5 32. Ra5 Rg6 33.
Ba3 g4 34. fxg4 hxg4 35. Raxe5 Rxe5 36. Rxe5 f3 37. Qc5 Re6 38. Qf8+ Kg6
39. Qf5+ Kg7 40. Qxe6 f2+ 41. Kxf2 Qd4+ 42. Kg3 1-0

[Event "World Blitz 2023"]
[Site "Samarkand UZB"]
[Date "2023.12.30"]
[Round "20.6"]
[White "Yakubboev, Nodirbek"]
[Black "Nogerbek, Kazybek"]
[Result "1/2-1/2"]
[WhiteElo "2582"]
[BlackElo "2488"]
[EventDate "2023.12.29"]

1. c4 e6 2. g3 d5 3. Nf3 Nf6 4. Bg2 d4 5. d3 Bb4+ 6. Nbd2 a5 7. a3 Be7 8.
Ne5 O-O 9. O-O Nfd7 10. f4 Nxe5 11. fxe5 Bg5 12. Ne4 Bxc1 13. Qxc1 Nd7 14.
Qf4 Qe7 15. Rf2 a4 16. Raf1 Ra5 17. Nf6+ gxf6 18. Qg4+ Kh8 19. exf6 Nxf6
20. Rxf6 Rf5 21. Qxd4 e5 22. Qh4 Rxf1+ 23. Kxf1 Rg8 24. Be4 Rg7 25. Kf2 Be6
26. Qh6 c6 27. Ke1 b5 28. cxb5 cxb5 29. Rf2 b4 30. axb4 Qxb4+ 31. Qd2 Qxd2+
32. Kxd2 Rg8 33. Rf1 Rb8 34. Kc2 Rc8+ 35. Kd2 Rb8 36. Kc3 Rc8+ 37. Kb4 Rb8+
38. Kc3 Rc8+ 39. Kd2 Rb8 40. Kc1 Rc8+ 41. Kb1 Bb3 42. Rf5 Rc2 43. Rxe5 Rxe2
44. Rc5 Rxh2 45. Kc1 Rf2 46. d4 Rf1+ 47. Kd2 Rd1+ 48. Ke3 Kg7 49. Rg5+ Kf6
50. Rf5+ Ke7 51. Re5+ Kd6 52. Bxh7 Rg1 53. Kf2 Rd1 54. Ke3 Re1+ 55. Kf2 Rd1
56. Ke3 Re1+ 57. Kd2 Rg1 58. Re3 Kd5 59. Rd3 Rg2+ 60. Kc3 Rc2+ 61. Kb4 Rxb2
62. Ka3 Ra2+ 63. Kb4 Rh2 64. Bf5 Rf2 65. Bc8 Re2 66. Bb7+ Kd6 67. Bf3 Rc2
68. d5 Rc4+ 69. Ka3 Rc5 70. Kb4 Rc7 71. Ka3 Bc2 72. Re3 Rb7 73. Rc3 Rb3+
74. Rxb3 Bxb3 75. Bh5 f6 76. Bf3 Bxd5 77. Bd1 Bb3 78. Bxb3 axb3 79. Kxb3
Kd5 80. Kb4 Ke4 81. Kc5 Kf3 82. Kd5 Kxg3 83. Ke6 f5 84. Kxf5 1/2-1/2

[Event "World Blitz 2023"]
[Site "Samarkand UZB"]
[Date "2023.12.30"]
[Round "20.7"]
[White "Sychev, Klementy"]
[Black "Fedoseev, Vladimir"]
[Result "1-0"]
[WhiteElo "2583"]
[BlackElo "2719"]
[EventDate "2023.12.29"]

1. e4 c6 2. c4 g6 3. d4 Bg7 4. Nc3 d6 5. Nf3 Bg4 6. Be3 Nd7 7. Be2 a6 8.
O-O Rc8 9. Rc1 e5 10. dxe5 Bxf3 11. e6 Bxe2 12. exd7+ Qxd7 13. Qxe2 Qe6 14.
Rfd1 Be5 15. f4 Bxc3 16. Rxc3 Ne7 17. Bd4 O-O 18. Re3 b5 19. f5 Qxc4 20.
Qxc4 bxc4 21. f6 Rfe8 22. fxe7 Rxe7 23. e5 d5 24. Bc5 Re6 25. b3 cxb3 26.
axb3 Rce8 27. Ra1 Rxe5 28. Rxe5 Rxe5 29. Rxa6 Re6 30. Bd4 Kf8 31. Ra8+ Ke7
32. Ra7+ Kd6 33. Rxf7 c5 34. Bf2 d4 35. b4 d3 36. bxc5+ Kc6 37. Ra7 d2 38.
Ra1 Kd5 1-0

[Event "World Blitz 2023"]
[Site "Samarkand UZB"]
[Date "2023.12.30"]
[Round "20.9"]
[White "Iturrizaga Bonelli, Eduardo"]
[Black "Christiansen, Johan-Sebastian"]
[Result "1-0"]
[WhiteElo "2645"]
[BlackElo "2541"]
[EventDate "2023.12.29"]

1. c4 e5 2. g3 Nc6 3. Bg2 Bc5 4. Nc3 d6 5. Nf3 a6 6. e3 Ba7 7. O-O Bg4 8.
h3 Bh5 9. g4 Bg6 10. d4 Nge7 11. b3 h5 12. dxe5 hxg4 13. hxg4 dxe5 14.
Qxd8+ Rxd8 15. Ba3 f6 16. Rfd1 Kf7 17. Nd5 Nxd5 18. cxd5 Ne7 19. Rac1 Bb8
20. Nd2 Nxd5 21. Nc4 e4 22. Na5 Nb6 23. Nxb7 Rde8 24. Nc5 Rh4 25. Nxa6 Rxg4
26. Nxb8 Rxb8 27. Rxc7+ Kg8 28. Bd6 Rd8 29. Rd4 Ra8 30. a4 Bf7 31. Rb7 Nc8
32. Bg3 f5 33. Rd8+ Kh7 34. Rxf7 Ra7 35. Rxf5 Nb6 36. Rf4 1-0

[Event "World Blitz 2023"]
[Site "Samarkand UZB"]
[Date "2023.12.30"]
[Round "20.10"]
[White "Ter-Sahakyan, Samvel"]
[Black "Matlakov, Maxim"]
[Result "0-1"]
[WhiteElo "2556"]
[BlackElo "2638"]
[EventDate "2023.12.29"]

1. d4 Nf6 2. c4 e6 3. Nc3 Bb4 4. e3 O-O 5. a3 Bxc3+ 6. bxc3 d6 7. Ne2 c5 8.
Ng3 Nc6 9. Bd3 b6 10. O-O Ba6 11. f4 d5 12. cxd5 Bxd3 13. Qxd3 exd5 14.
dxc5 bxc5 15. c4 Na5 16. cxd5 Qxd5 17. Qxd5 Nxd5 18. e4 Nb6 19. Nf5 Rfd8
20. Be3 Nb3 21. Rab1 c4 22. Rf2 Rd3 23. Rc2 g6 24. Ne7+ Kf8 25. Bxb6 axb6
26. Nd5 b5 27. Nc7 Ra5 28. f5 gxf5 29. exf5 Rd7 30. Nxb5 Rxb5 31. Rxc4 Rxf5
32. g4 Rf3 33. Kg2 Re3 34. Rb2 Nd2 35. Rc8+ Kg7 36. Rb4 Re2+ 0-1

[Event "World Blitz 2023"]
[Site "Samarkand UZB"]
[Date "2023.12.30"]
[Round "20.11"]
[White "Sargsyan, Shant"]
[Black "Makhnev, Denis"]
[Result "0-1"]
[WhiteElo "2633"]
[BlackElo "2528"]
[EventDate "2023.12.29"]

1. d4 d5 2. c4 e6 3. Nf3 c6 4. Nbd2 Nf6 5. g3 b5 6. c5 Nbd7 7. Bg2 a5 8.
O-O Be7 9. Qc2 O-O 10. e4 dxe4 11. Nxe4 b4 12. Bf4 Ba6 13. Rfd1 Nxe4 14.
Qxe4 Bb5 15. Ne5 Rc8 16. h4 Nf6 17. Qf3 Nd5 18. Re1 a4 19. Rad1 Ra8 20. Bc1
Bf6 21. h5 h6 22. Ng4 Bg5 23. Ne5 a3 24. Bxg5 Qxg5 25. b3 Rad8 26. Rc1 Qd2
27. Nc4 Bxc4 28. bxc4 Nc3 29. Qxc6 Rxd4 30. Bf3 Rxc4 31. Kg2 Qd4 32. Qa6
Rxc5 33. Qb6 Rc4 34. Qa6 Rc5 35. Qb6 Rd5 36. Qc7 Rf5 37. Qb7 Nxa2 38. Rc8
Rxc8 39. Qxc8+ Kh7 40. Qc2 Qc3 41. Qe4 Qxf3+ 42. Qxf3 Rxf3 43. Kxf3 b3 0-1

[Event "World Blitz 2023"]
[Site "Samarkand UZB"]
[Date "2023.12.30"]
[Round "20.12"]
[White "Niemann, Hans Moke"]
[Black "Vakhidov, Jakhongir"]
[Result "1-0"]
[WhiteElo "2614"]
[BlackElo "2574"]
[EventDate "2023.12.29"]

1. c4 g6 2. Nc3 c5 3. g3 Bg7 4. Bg2 Nc6 5. d3 Nf6 6. Qd2 e6 7. e4 O-O 8.
Nge2 d5 9. cxd5 exd5 10. Nxd5 Nxd5 11. exd5 Nb4 12. O-O Nxd5 13. d4 cxd4
14. Nxd4 Nb6 15. Nb5 Qxd2 16. Bxd2 Bxb2 17. Rab1 Nc4 18. Bb4 Bf5 19. Bxf8
Bxb1 20. Rxb1 Kxf8 21. Bf1 a6 22. Nc7 Rc8 23. Nd5 Bd4 24. Rxb7 Nd6 25. Rb4
Bc5 26. Ra4 Rb8 27. Rxa6 Rb2 28. Ne3 Ne4 29. Ra5 Bd4 30. Ra4 Bxe3 31. fxe3
Nd2 32. Bg2 Rb1+ 33. Kf2 Rb2 34. Ke1 Nb1 35. Bc6 Nc3 36. Ra8+ Kg7 37. a4
Re2+ 38. Kf1 Rxe3 39. a5 Re6 40. Rc8 Re5 41. a6 Ra5 42. Ra8 Na2 43. a7 Nb4
44. Bb7 Nd3 45. Ke2 Ne5 46. Be4 Kf6 47. Kd2 Ra4 48. Bh1 Ra3 49. Kc2 Ng4 50.
Kb2 Ra5 51. Kb3 Nxh2 52. Kb4 Ra1 53. Bc6 Nf1 54. Ba4 Rb1+ 55. Ka5 Rb7 56.
Ka6 Rxa7+ 57. Rxa7 Nxg3 58. Bb3 h5 59. Rxf7+ Kg5 60. Kb5 h4 61. Be6 Ne4 62.
Kc6 Nc3 63. Kd6 Ne2 64. Ke5 Ng3 65. Bh3 Nh5 66. Ke4 Nf6+ 67. Kf3 Nh5 68.
Ra7 Nf6 69. Ra6 Ne8 70. Ra5+ Kh6 71. Kg4 g5 72. Ra6+ 1-0

[Event "World Blitz 2023"]
[Site "Samarkand UZB"]
[Date "2023.12.30"]
[Round "20.13"]
[White "Sjugirov, Sanan"]
[Black "Dreev, Aleksey"]
[Result "0-1"]
[WhiteElo "2569"]
[BlackElo "2599"]
[EventDate "2023.12.29"]

1. Nf3 d5 2. g3 c6 3. Bg2 Bf5 4. d3 e6 5. Nh4 Bg4 6. h3 Bh5 7. O-O Be7 8.
Nf3 Nd7 9. c4 Ngf6 10. cxd5 cxd5 11. Nc3 O-O 12. Bf4 Rc8 13. Rc1 Qb6 14. g4
Bg6 15. Rc2 d4 16. Nb1 Nd5 17. Bg3 Nb4 18. Rxc8 Rxc8 19. Nbd2 Nc6 20. Nc4
Qa6 21. a3 Qb5 22. Qd2 Nc5 23. b4 Na4 24. Rc1 Rd8 25. Nfe5 Nxe5 26. Nxe5
Nc3 27. e3 Nd5 28. exd4 a5 29. bxa5 Bxa3 30. Rc4 Bb4 31. Qb2 Bxd3 32. Bxd5
Bxc4 33. Bxc4 Qxa5 34. Qb3 Qa3 35. Qd1 Qc3 36. Qa4 Bd6 37. Qb5 Qxd4 38. Nf3
Qd1+ 39. Kg2 Bxg3 40. Kxg3 Qd6+ 41. Kg2 Qd7 42. Qb4 Qc7 43. Be2 h6 44. h4
b6 45. Qe4 Qd6 46. Qe3 Qc5 47. Qf4 Qd5 48. Qc7 Qd6 49. Qc4 Qc5 50. Qf4 b5
51. g5 hxg5 52. Nxg5 Qf5 53. Qxf5 exf5 54. Bxb5 g6 55. Bc4 Rd7 56. h5 gxh5
57. Be2 Kg7 58. Nh3 h4 59. Ng5 Rd4 60. Nf3 Re4 61. Bd3 Rf4 62. Be2 Kf6 63.
Ng1 Re4 64. Bf3 Rd4 65. Kh3 Ke5 66. Kg2 Rb4 67. Nh3 f6 68. Ng1 Rb2 69. Ne2
Rb3 70. Ng1 Rb8 71. Nh3 Rg8+ 72. Kf1 Rg7 73. Bd1 Ke4 74. Bc2+ Ke5 75. Bd3
f4 76. Ng1 Kd4 77. Bb1 Kd5 78. Bf5 Rg5 79. Bh3 Rg7 80. Nf3 Rh7 81. Bf5 Rh5
82. Bg4 Rh8 83. Kg2 Ke4 84. Nd2+ Kd3 85. Nf1 Rg8 86. Kf3 Rh8 87. Bh3 Rb8
88. Nh2 Rb4 89. Ng4 Rb6 90. Nh6 Rb3 91. Nf5 Kd2+ 92. Kg2 f3+ 93. Kh2 Rb4
94. Ne3 Ke2 95. Nd5 Rd4 96. Nxf6 Kxf2 97. Bg4 Ke3 98. Bxf3 Kxf3 99. Kh3 Kf4
100. Ng4 Kg5 101. Ne5 Rf4 102. Kh2 Re4 103. Nf3+ Kg4 104. Ng1 Re3 105. Kg2
Ra3 0-1

[Event "World Blitz 2023"]
[Site "Samarkand UZB"]
[Date "2023.12.30"]
[Round "20.14"]
[White "Bocharov, Dmitry"]
[Black "Predke, Alexandr"]
[Result "1/2-1/2"]
[WhiteElo "2482"]
[BlackElo "2594"]
[EventDate "2023.12.29"]

1. c4 c5 2. g3 Nc6 3. Bg2 g6 4. Nc3 Bg7 5. Nf3 e6 6. d4 cxd4 7. Nb5 d5 8.
cxd5 exd5 9. O-O Nf6 10. Nbxd4 O-O 11. b3 Nxd4 12. Nxd4 Ne4 13. Bb2 h5 14.
Rc1 h4 15. Qc2 h3 16. Bh1 Qb6 17. e3 Bd7 18. Qc7 Rfd8 19. a4 Rac8 20. Qxb6
axb6 21. Rfd1 Bf6 22. Bf3 Kg7 23. Be2 Nc5 24. Ba1 Ne6 25. f3 Nxd4 26. Bxd4
Bxd4 27. exd4 Bf5 28. Rxc8 Rxc8 29. g4 Rc2 30. Kf2 Bd7 31. Ke3 Rb2 32. Rc1
Rxb3+ 33. Kf4 Rb2 34. Bb5 Bxb5 35. axb5 Rxh2 36. Kg3 Rb2 37. Kxh3 Rxb5 38.
Rc7 Rb4 39. Rxb7 g5 40. Kg3 Kf6 41. Kf2 Ke6 42. Ke3 Rb3+ 43. Ke2 f6 44. Rc7
Kd6 45. Rf7 Ke6 46. Rc7 Rb4 47. Ke3 Rb1 48. Rc6+ Ke7 49. Rc7+ Kd6 50. Rf7
Ke6 51. Rc7 Rb3+ 52. Ke2 b5 53. Rc6+ Ke7 54. Rb6 Rb1 55. Rb7+ Ke6 56. Rb6+
Kf7 57. Rb7+ Ke8 58. Rb6 Ke7 59. Rb7+ Kd6 60. Rb6+ Kc7 61. Rxf6 b4 62. Kd2
Rf1 63. Rf5 Kc6 64. Kc2 Kb5 65. Rxd5+ Kc4 66. Rc5+ Kxd4 67. Rxg5 Kc4 68.
Rf5 b3+ 69. Kb2 Rf2+ 70. Kb1 Kc3 71. Rc5+ Kb4 72. Rf5 Ka4 73. g5 Rg2 74. f4
Ka3 75. Ra5+ Kb4 76. Ra8 Rg1+ 77. Kb2 Rg2+ 78. Kb1 Rg1+ 79. Kb2 1/2-1/2

[Event "World Blitz 2023"]
[Site "Samarkand UZB"]
[Date "2023.12.30"]
[Round "20.15"]
[White "Sadhwani, Raunak"]
[Black "Mitrabha, Guha"]
[Result "1-0"]
[WhiteElo "2668"]
[BlackElo "2512"]
[EventDate "2023.12.29"]

1. e3 Nf6 2. c4 c5 3. Nc3 g6 4. g3 Bg7 5. Bg2 O-O 6. Nge2 d6 7. d4 Nc6 8.
O-O Rb8 9. b3 Bd7 10. h3 Qc8 11. Kh2 h5 12. Bb2 h4 13. g4 a6 14. d5 Ne5 15.
g5 Nfg4+ 16. hxg4 Nxg4+ 17. Kg1 b5 18. cxb5 axb5 19. Nf4 Ne5 20. Qc2 Bf5
21. e4 Bg4 22. f3 Bd7 23. Kh2 f6 24. gxf6 Rxf6 25. Ne6 Bxe6 26. dxe6 Qxe6
27. Nd5 Rff8 28. Bh3 Qf7 29. f4 Nc6 30. Bxg7 Qxg7 31. Qg2 Nd4 32. Qg5 e6
33. Ne3 Rb7 34. Ng4 Nf3+ 35. Rxf3 Qxa1 36. Qxg6+ Rg7 37. Qxe6+ Kh8 38. Qxd6
Ra8 39. Rf2 Rxa2 40. Qd8+ Kh7 41. Qxh4+ Kg8 42. Nh6+ Kh7 43. Nf5+ Kg8 44.
Nxg7 1-0

[Event "World Blitz 2023"]
[Site "Samarkand UZB"]
[Date "2023.12.30"]
[Round "20.17"]
[White "Iljiushenok, Ilia"]
[Black "Smirnov, Anton"]
[Result "0-1"]
[WhiteElo "2479"]
[BlackElo "2647"]
[EventDate "2023.12.29"]

1. e4 c5 2. c3 d5 3. exd5 Qxd5 4. d4 Nf6 5. Nf3 Bg4 6. dxc5 Qxc5 7. Na3 a6
8. Be3 Qc8 9. h3 Bh5 10. Nc4 Nbd7 11. Qb3 Bxf3 12. gxf3 b5 13. Nd2 e6 14.
Rg1 g6 15. a4 Bc5 16. axb5 Bxe3 17. fxe3 axb5 18. Rxa8 Qxa8 19. Bxb5 O-O
20. Qa4 Qb7 21. Ke2 Qc7 22. f4 Rb8 23. Nf3 Qb7 24. Nd4 Nb6 25. Qa6 Qc7 26.
Ra1 Ra8 27. Qxa8+ Nxa8 28. Rxa8+ Kg7 29. Bc6 e5 30. fxe5 Qxe5 31. b4 Nd5
32. Bxd5 Qxd5 33. Ra7 Qg2+ 34. Kd3 Qxh3 35. b5 Qf1+ 36. Kc2 Qg2+ 37. Kb3
Qd5+ 38. c4 Qe4 39. Rd7 h5 40. b6 Qb1+ 41. Kc3 Qxb6 42. Rd5 h4 43. c5 Qa5+
44. Kd3 h3 0-1